000 00635nam a2200229Ia 4500
003 0100
008 130303s9999 xx 000 0 und d
040 _cARRUPELIB
050 _aB2430.M254R36
100 _aRandall, Albert B.
245 4 _aThe mystery of hope in the philosophy of Gabriel Marcel 1888-1973
245 _bhope and Homo Viator
260 _aLewiston
260 _bThe Edwin Mellen Press
260 _C1992
300 _a404p.
300 _b 24cm.
440 _aProblems in contemporary philosophy; v.33
650 _bZimbabwe - Liberation war
650 _cChurch and state - Zimbabwe
942 _2lcc
_01
999 _c60878
_d60878